Шесть записок о быстротечной жизни

Bibliographische Detailangaben
1. Verfasser: Шэнь Фу
Weitere Verfasser: Голыгина К. И. (переводчик)
Sprache:Russisch
Veröffentlicht: Москва, Наука, 1979
Schlagworte:
Format: MixedMaterials Buch
KOHA link:https://koha.lib.tpu.ru/cgi-bin/koha/opac-detail.pl?biblionumber=130544

MARC

LEADER 00000nam0a2200000 4500
001 130544
005 20260121150012.0
035 |a (RuTPU)RU\TPU\book\141392 
090 |a 130544 
100 |a 20080205d1979 m y0rusy5003 ca 
101 1 |a rus  |c chi 
102 |a RU 
105 |a y z 000aa 
200 1 |a Шесть записок о быстротечной жизни  |f Шэнь Фу  |g пер. с кит. , предисл. и коммент. К. И. Голыгина 
210 |a Москва  |c Наука  |d 1979 
215 |a 152 с.  |d 21 см. 
606 |a Китайская литература  |9 40827 
610 1 |a художественная литература 
610 1 |a автобиографическая проза 
675 |a 895.1  |v 4 
700 1 |a Шэнь Фу  |4 070 
702 1 |a Голыгина  |b К. И.  |4 730 
801 0 |a RU  |b RuMRKP  |c 19950704  |g psbo 
801 1 |a RU  |b 63413507  |c 20080205  |g PSBO 
801 2 |a RU  |b 63413507  |c 20080205  |g PSBO 
942 |c BK